00685nam a2200193Ia 4500008004100000100002200041245006900063245007500132260003300207260000900240300002900249440003500278650001400313650002200327650002800349650002300377999001900400952007200419190511s9999 xx 000 0 und d aBoyle, Randall J. aMeasuring deception: A look at antecedents to deceptive intent / cRandall J. Boyle, Jeffrey A. Clements, and Jeffrey Gainer Proudfoot.-- bUniversity of Illinois Press c2018 aPages 347-367, Fall 2018 aJournal of Psychologyv131 (3) aDeception aDeceptive beliefs aDeceptive communication aUnethical behavior c361839d361839 001040aCLbCLd2019-05-11l0r2019-05-11 00:00:00w2019-05-11ySE